Normal view
MARC view
Entry Topical Term
001 - CONTROL NUMBER
- control field: 616
003 - CONTROL NUMBER IDENTIFIER
- control field: BD-RjUL
005 - DATE AND TIME OF LATEST TRANSACTION
- control field: 20220109163612.0
008 - FIXED-LENGTH DATA ELEMENTS
- fixed length control field: 220109|| aca||aabn | a|a d
040 ## - CATALOGING SOURCE
- Original cataloging agency: BD-RjUL
- Transcribing agency: BD-RjUL
150 ## - HEADING--TOPICAL TERM
- Topical term or geographic name entry element: Arabic literature
- Chronological subdivision: 1258-1800
- Geographic subdivision: Iraq
- General subdivision: History and criticism
670 ## - SOURCE DATA FOUND
- Source citation: Work cat.: (BD-RjUL)79143: العزاوى، عباس، ;; Al-Azzawi, Abbas 1890-1971 615, تاريخ الادب العربي في العراق : ;; tarikh aladib alearabii fi aleiraq :, ١٩٦٠ م. ١٣٨٠ هج. - ١٩٦٢ م.